Länder mit M - Statistiken

Allgemein
  • Dieses Quiz wurde 104 mal gespielt
  • Das Durchschnittsergebnis liegt bei 13 aus 18
Antwortstatistiken
Land % Korrekt
Monaco
87%
Marokko
84%
Mexiko
84%
Mali
83%
Malta
80%
Mauretanien
80%
Madagaskar
79%
Malediven
78%
Montenegro
78%
Mongolei
73%
Myanmar
71%
Malaysia
70%
Mauritius
70%
Mosambik
70%
Moldau
69%
Malawi
58%
Mikronesien
58%
Marshallinseln
55%
Keine übereinstimmenden Quizze gefunden
Verteilung der Resultate
Anzahl Personen mit jedem Resultat
Perzentil nach korrekt beantworteten Fragen
Ihre Resultats-Entwicklung
Sie haben dieses Quiz noch nicht gespielt